טוען...

Analytical mechanics/

מידע ביבליוגרפי
מחבר ראשי: Hand,Louis.N
מחברים אחרים: Finch,Janet D.
פורמט: Printed Book
שפה:English
יצא לאור: Cambridge Cambridge University 1998
נושאים:
LEADER 00571nam a22001697a 4500
008 100105t xxu||||| |||| 00| 0 eng d
080 |a 51-72  |b HAN 
100 |a Hand,Louis.N  |9 3579 
245 |a Analytical mechanics/  |c Louis N.Hand and Janet D.Finch 
260 |a Cambridge  |b Cambridge University  |c 1998 
300 |a xv,575p. 
653 |a Analytical mechanics 
700 |a Hand,Louis.N  |9 3580 
700 |a Finch,Janet D.  |9 3581 
942 |c BK  |6 _ 
999 |c 218185  |d 218185 
952 |0 0  |1 0  |4 0  |6 5172_HAN  |7 0  |9 282571  |a MAT  |b MAT  |d 2010-01-05  |o 51-72 HAN  |p MAT05247  |r 2010-01-05  |t 1  |w 2010-01-05  |y BK